Reklama za císaře Františka Josefa II.

Dejiny modernej reklamy môžeme datovať od začiatku priemyselnej revolúcie. Ako konkrétne vyzerala reklamná prax pred sto rokmi, v období vlády cisára Františka Jozefa II. Princípy reklamy pred sto rokmi. Etický prístup k reklame. Systematické delenie reklamy. Najsledovanejšia reklama - v tlači. Koľk...

Descripción completa

Guardado en:
Detalles Bibliográficos
Autor principal: Stuchlík, Jaroslav
Formato: Capítulo de libro
Lenguaje:checo
Materias:
Etiquetas: Agregar Etiqueta
Sin Etiquetas, Sea el primero en etiquetar este registro!

MARC

LEADER 00000naa$a2200000$$$4500
001 0113607
005 20231019094208.5
041 0 |a cze 
044 |a CZ 
245 1 0 |a Reklama za císaře Františka Josefa II.  |c Jaroslav Stuchlík 
520 |a Dejiny modernej reklamy môžeme datovať od začiatku priemyselnej revolúcie. Ako konkrétne vyzerala reklamná prax pred sto rokmi, v období vlády cisára Františka Jozefa II. Princípy reklamy pred sto rokmi. Etický prístup k reklame. Systematické delenie reklamy. Najsledovanejšia reklama - v tlači. Koľko to stálo. Spojenie médií s umením. 
610 2 0 |a reklama 
610 2 0 |a propagácia 
610 2 0 |a médiá 
610 2 0 |a história 
610 2 0 |a etika 
100 1 |a Stuchlík, Jaroslav